[Event "DEM U18w 2018"]
[Site "Willingen GER"]
[Date "2018.05.24"]
[Round "7"]
[White "Schmidt, Aliyah"]
[Black "Kolb, Verena"]
[Result "1/2-1/2"]
[Termination "normal"]
[Board "11"]
[WhiteElo "1388"]
[BlackElo "1665"]
[WhiteClock "00:29:13"]
[BlackClock "00:23:26"]
[PlyCount "83"]
[WhiteFideId "16240103"]
[BlackFideId "12992313"]
[EventCountry "GER"]
[EventRounds "9"]
[EventType "swiss"]
[EventDate "2018.05.19"]

1. e4 {[%clk 1:30:58]} 1... c6 {[%clk 1:30:56]} 2. d4 {[%clk 1:31:17]} 2... d5
{[%clk 1:31:22]} 3. Nd2 {[%clk 1:31:36]} 3... dxe4 {[%clk 1:31:47]} 4. Nxe4 {
[%clk 1:31:54]} 4... Nf6 {[%clk 1:32:14]} 5. Nxf6+ {[%clk 1:32:13]} 5... gxf6
6. Bd3 {[%clk 1:32:18]} 6... Qxd4 {[%clk 1:21:00]} 7. Nf3 {[%clk 1:32:38]} 7...
Qb6 {[%clk 1:05:13]} 8. b3 {[%clk 1:25:31]} 8... Bg4 {[%clk 0:59:04]} 9. Bb2 {
[%clk 1:22:38]} 9... Nd7 {[%clk 0:57:48]} 10. h3 {[%clk 1:21:58]} 10... Bh5 {
[%clk 0:57:06]} 11. O-O {[%clk 0:57:01]} 11... Bg7 {[%clk 0:43:58]} 12. Be2 {
[%clk 0:53:11]} 12... O-O-O {[%clk 0:38:36]} 13. Qe1 {[%clk 0:48:58]} 13...
Rhg8 {[%clk 0:34:21]} 14. Nh4 {[%clk 0:39:55]} 14... Bxe2 {[%clk 0:34:05]} 15.
Qxe2 {[%clk 0:40:16]} 15... e6 {[%clk 0:34:08]} 16. Qh5 {[%clk 0:30:49]} 16...
f5 {[%clk 0:33:16]} 17. Rab1 {[%clk 0:30:37]} 17... Bxb2 {[%clk 0:33:26]} 18.
Rxb2 {[%clk 0:31:00]} 18... Qd4 {[%clk 0:25:50]} 19. Rbb1 {[%clk 0:30:38]}
19... Qf6 {[%clk 0:20:57]} 20. Rfd1 {[%clk 0:25:31]} 20... Rg5 {[%clk 0:18:54]}
21. Qe2 {[%clk 0:23:23]} 21... Rdg8 {[%clk 0:18:31]} 22. Kh2 {[%clk 0:18:41]}
22... R5g7 {[%clk 0:14:11]} 23. g3 {[%clk 0:17:47]} 23... f4 {[%clk 0:13:14]}
24. Rg1 {[%clk 0:17:15]} 24... fxg3+ {[%clk 0:12:11]} 25. fxg3 {[%clk 0:17:36]}
25... Qe5 {[%clk 0:10:43]} 26. Qxe5 {[%clk 0:17:35]} 26... Nxe5 {[%clk 0:11:11]
} 27. Rbe1 {[%clk 0:17:26]} 27... Rg5 {[%clk 0:09:28]} 28. Re3 {[%clk 0:15:34]}
28... Kd7 {[%clk 0:08:17]} 29. Rf1 {[%clk 0:14:34]} 29... Ke7 {[%clk 0:07:53]}
30. Nf5+ {[%clk 0:11:56]} 30... Rxf5 {[%clk 0:06:05]} 31. Rxf5 {[%clk 0:12:44]}
31... exf5 {[%clk 0:06:06]} 32. Rxe5+ {[%clk 0:13:07]} 32... Kf6 { [%clk
0:06:28]} 33. Re3 {[%clk 0:12:37]} 33... Rd8 {[%clk 0:06:42]} 34. Re2 { [%clk
0:12:27]} 34... Rd7 {[%clk 0:06:57]} 35. Kg2 {[%clk 0:12:42]} 35... Rd4 { [%clk
0:05:49]} 36. Kf3 {[%clk 0:12:36]} 36... h5 {[%clk 0:05:21]} 37. h4 { [%clk
0:12:17]} 37... b5 {[%clk 0:04:41]} 38. a3 {[%clk 0:08:55]} 38... a5 { [%clk
0:04:33]} 39. c3 {[%clk 0:03:56]} 39... Rd3+ {[%clk 0:04:49]} 40. Re3 { [%clk
0:04:19]} 40... Rxe3+ {[%clk 0:02:06]} 41. Kxe3 {[%clk 0:04:40]} 41... f4+
{[%clk 0:23:26]} 42. Kxf4 {[%clk 0:29:13]} 1/2-1/2

[Event "DEM U18w 2018"]
[Site "Willingen GER"]
[Date "2018.05.24"]
[Round "7"]
[White "König, Emmilie"]
[Black "Browning, Rebecca"]
[Result "0-1"]
[Termination "normal"]
[Board "12"]
[WhiteElo "1539"]
[BlackElo "1925"]
[WhiteClock "00:18:05"]
[BlackClock "00:48:16"]
[PlyCount "62"]
[WhiteFideId "16218329"]
[BlackFideId "12984027"]
[EventCountry "GER"]
[EventRounds "9"]
[EventType "swiss"]
[EventDate "2018.05.19"]

1. d4 {[%clk 1:30:58]} 1... d5 {[%clk 1:30:52]} 2. Bf4 {[%clk 1:31:25]} 2...
Nf6 {[%clk 1:31:11]} 3. e3 {[%clk 1:31:32]} 3... e6 {[%clk 1:30:57]} 4. Nd2 {
[%clk 1:31:43]} 4... Bd6 {[%clk 1:31:09]} 5. Bg3 {[%clk 1:32:03]} 5... O-O {
[%clk 1:30:49]} 6. Bd3 {[%clk 1:31:58]} 6... c5 {[%clk 1:31:13]} 7. c3 { [%clk
1:32:22]} 7... b6 {[%clk 1:30:48]} 8. f4 {[%clk 1:29:46]} 8... Bb7 { [%clk
1:30:19]} 9. Ngf3 {[%clk 1:27:16]} 9... cxd4 {[%clk 1:27:17]} 10. exd4 { [%clk
1:27:09]} 10... Ne4 {[%clk 1:27:09]} 11. Qc2 {[%clk 1:23:42]} 11... f5 { [%clk
1:25:52]} 12. Rf1 {[%clk 1:15:53]} 12... Nc6 {[%clk 1:23:33]} 13. O-O-O { [%clk
1:13:24]} 13... Rc8 {[%clk 1:22:06]} 14. a3 {[%clk 1:00:47]} 14... Na5 { [%clk
1:18:59]} 15. Kb1 {[%clk 0:55:14]} 15... Rf7 {[%clk 1:17:21]} 16. Nxe4 { [%clk
0:48:15]} 16... fxe4 {[%clk 1:17:10]} 17. Ng5 {[%clk 0:48:07]} 17... Re7 {[%clk
1:13:22]} 18. Be2 {[%clk 0:47:06]} 18... Nc4 {[%clk 1:11:33]} 19. Bxc4 { [%clk
0:43:06]} 19... Rxc4 {[%clk 1:11:42]} 20. Qe2 {[%clk 0:39:16]} 20... Qe8 {[%clk
1:08:51]} 21. Rfe1 {[%clk 0:36:36]} 21... Rec7 {[%clk 1:08:01]} 22. Rc1 {[%clk
0:33:45]} 22... Bc8 {[%clk 1:00:33]} 23. Rc2 {[%clk 0:30:15]} 23... h6 { [%clk
0:59:46]} 24. Nh3 {[%clk 0:30:08]} 24... b5 {[%clk 0:59:34]} 25. Rec1 { [%clk
0:29:26]} 25... Ba6 {[%clk 0:56:27]} 26. Qe3 {[%clk 0:27:58]} 26... R4c6 {[%clk
0:54:04]} 27. Nf2 {[%clk 0:24:59]} 27... Qc8 {[%clk 0:51:03]} 28. Bh4 { [%clk
0:21:29]} 28... Qf8 {[%clk 0:48:18]} 29. Qh3 {[%clk 0:18:36]} 29... Bxf4 {[%clk
0:47:44]} 30. Rf1 {[%clk 0:18:41]} 30... b4 {[%clk 0:47:52]} 31. axb4 { [%clk
0:18:05]} 31... Bxf1 {[%clk 0:48:16]} 0-1

[Event "DEM U18w 2018"]
[Site "Willingen GER"]
[Date "2018.05.24"]
[Round "7"]
[White "Giede, Anna-Blume"]
[Black "Lohrmann, Tabea"]
[Result "1/2-1/2"]
[Termination "normal"]
[Board "13"]
[WhiteElo "1629"]
[BlackElo "1632"]
[WhiteClock "00:15:45"]
[BlackClock "00:22:10"]
[PlyCount "43"]
[WhiteFideId "12921980"]
[BlackFideId "12911941"]
[EventCountry "GER"]
[EventRounds "9"]
[EventType "swiss"]
[EventDate "2018.05.19"]

1. d4 {[%clk 1:30:58]} 1... d5 {[%clk 1:30:46]} 2. Nf3 {[%clk 1:31:24]} 2...
Nf6 {[%clk 1:30:46]} 3. e3 {[%clk 1:31:41]} 3... e6 {[%clk 1:30:47]} 4. Bd3 {
[%clk 1:31:46]} 4... c5 {[%clk 1:30:15]} 5. b3 {[%clk 1:29:20]} 5... Nc6 {
[%clk 1:28:44]} 6. Bb2 {[%clk 1:17:01]} 6... Bd6 {[%clk 1:26:57]} 7. a3 { [%clk
1:11:31]} 7... Qc7 {[%clk 1:23:26]} 8. Nbd2 {[%clk 1:02:30]} 8... O-O { [%clk
1:17:02]} 9. dxc5 {[%clk 0:47:28]} 9... Bxc5 {[%clk 1:16:49]} 10. Bxf6 { [%clk
0:46:40]} 10... gxf6 {[%clk 1:17:10]} 11. Nh4 {[%clk 0:31:19]} 11... Qe5 {[%clk
1:02:31]} 12. Qg4+ {[%clk 0:20:47]} 12... Qg5 {[%clk 0:58:40]} 13. Qxg5+ {[%clk
0:20:55]} 13... fxg5 {[%clk 0:59:00]} 14. Nhf3 {[%clk 0:21:19]} 14... h6 {[%clk
0:56:16]} 15. O-O {[%clk 0:21:39]} 15... f5 {[%clk 0:44:45]} 16. b4 { [%clk
0:20:03]} 16... Bd6 {[%clk 0:42:49]} 17. c4 {[%clk 0:19:38]} 17... dxc4 { [%clk
0:42:03]} 18. Bxc4 {[%clk 0:19:35]} 18... Kg7 {[%clk 0:40:20]} 19. Rfd1 { [%clk
0:18:40]} 19... Ne5 {[%clk 0:28:48]} 20. Nxe5 {[%clk 0:18:09]} 20... Bxe5
{[%clk 0:29:09]} 21. Rab1 {[%clk 0:18:27]} 21... Kf6 {[%clk 0:22:10]} 22. Nf3 {
[%clk 0:15:45]} 1/2-1/2

[Event "DEM U18w 2018"]
[Site "Willingen GER"]
[Date "2018.05.25"]
[Round "8"]
[White "Rogozenco, Teodora"]
[Black "Sieber, Fiona"]
[Result "0-1"]
[Termination "normal"]
[Board "1"]
[WhiteTitle "WFM"]
[BlackTitle "WIM"]
[WhiteElo "2090"]
[BlackElo "2234"]
[WhiteClock "00:09:59"]
[BlackClock "00:34:26"]
[PlyCount "56"]
[WhiteFideId "12938084"]
[BlackFideId "12902373"]
[EventCountry "GER"]
[EventRounds "9"]
[EventType "swiss"]
[EventDate "2018.05.19"]

1. d4 {[%clk 1:30:57]} 1... Nf6 {[%clk 1:30:56]} 2. c4 {[%clk 1:31:23]} 2... e6
{[%clk 1:31:22]} 3. Nc3 {[%clk 1:31:48]} 3... Bb4 {[%clk 1:31:49]} 4. Bg5 {
[%clk 1:32:12]} 4... c5 {[%clk 1:29:35]} 5. d5 {[%clk 1:32:35]} 5... h6 { [%clk
1:29:48]} 6. Bh4 {[%clk 1:32:53]} 6... d6 {[%clk 1:29:56]} 7. e3 { [%clk
1:32:48]} 7... Qe7 {[%clk 1:24:36]} 8. Nf3 {[%clk 1:32:10]} 8... Nbd7 { [%clk
1:22:19]} 9. Nd2 {[%clk 1:30:48]} 9... Nb6 {[%clk 1:16:47]} 10. dxe6 { [%clk
1:28:17]} 10... Bxe6 {[%clk 1:14:45]} 11. Nde4 {[%clk 0:56:52]} 11... g5 {[%clk
1:12:46]} 12. Nxd6+ {[%clk 0:54:57]} 12... Kf8 {[%clk 1:13:09]} 13. Bg3 {[%clk
0:55:00]} 13... Rd8 {[%clk 1:12:14]} 14. Qf3 {[%clk 0:50:27]} 14... Bg4 {[%clk
1:05:12]} 15. Qxb7 {[%clk 0:50:34]} 15... Rxd6 {[%clk 1:02:29]} 16. Qxe7+
{[%clk 0:50:07]} 16... Kxe7 {[%clk 1:02:57]} 17. Bxd6+ {[%clk 0:50:23]} 17...
Kxd6 {[%clk 1:03:23]} 18. Be2 {[%clk 0:48:19]} 18... Bxe2 {[%clk 0:58:28] } 19.
Kxe2 {[%clk 0:48:39]} 19... Nxc4 {[%clk 0:56:04]} 20. Rhc1 { [%clk 0:44:03]}
20... Nxb2 {[%clk 0:45:03]} 21. Rab1 {[%clk 0:42:27]} 21... Nc4 {[%clk
0:41:04]} 22. Nb5+ {[%clk 0:42:31]} 22... Kc6 {[%clk 0:40:05]} 23. Nxa7+ {[%clk
0:41:20]} 23... Kd5 {[%clk 0:40:20]} 24. Rd1+ {[%clk 0:41:10]} 24... Ke6 {[%clk
0:39:43]} 25. Nb5 {[%clk 0:39:25]} 25... Nd5 {[%clk 0:37:36]} 26. a4 { [%clk
0:29:24]} 26... Na3 {[%clk 0:35:54]} 27. Kf3 {[%clk 0:09:37]} 27... Nxb1 {[%clk
0:35:40]} 28. Rxb1 {[%clk 0:09:59]} 28... f5 {[%clk 0:34:26]} 0-1

[Event "DEM U18w 2018"]
[Site "Willingen GER"]
[Date "2018.05.25"]
[Round "8"]
[White "Wächter, Nathalie"]
[Black "Sewald, Kathrin"]
[Result "1/2-1/2"]
[Termination "normal"]
[Board "2"]
[WhiteElo "1954"]
[BlackElo "2035"]
[WhiteClock "00:02:20"]
[BlackClock "00:01:02"]
[PlyCount "138"]
[WhiteFideId "12921033"]
[BlackFideId "12964557"]
[EventCountry "GER"]
[EventRounds "9"]
[EventType "swiss"]
[EventDate "2018.05.19"]

1. d4 {[%clk 1:30:58]} 1... c5 {[%clk 1:30:55]} 2. d5 {[%clk 1:31:22]} 2... d6
{[%clk 1:31:19]} 3. e4 {[%clk 1:30:52]} 3... g6 {[%clk 1:31:22]} 4. Nf3 { [%clk
1:29:29]} 4... Bg7 {[%clk 1:27:25]} 5. Be2 {[%clk 1:29:37]} 5... Nf6 { [%clk
1:27:24]} 6. Nc3 {[%clk 1:28:35]} 6... O-O {[%clk 1:26:54]} 7. O-O { [%clk
1:28:53]} 7... Ne8 {[%clk 1:24:49]} 8. Nd2 {[%clk 1:20:51]} 8... Na6 { [%clk
1:21:07]} 9. Nc4 {[%clk 1:14:33]} 9... Nac7 {[%clk 1:15:22]} 10. a4 { [%clk
1:14:22]} 10... b6 {[%clk 1:14:44]} 11. f4 {[%clk 1:10:10]} 11... e6 { [%clk
1:09:07]} 12. Ne3 {[%clk 0:42:28]} 12... Bd4 {[%clk 0:59:09]} 13. Kh1 { [%clk
0:42:07]} 13... Ng7 {[%clk 0:57:07]} 14. Bf3 {[%clk 0:26:07]} 14... Rb8 { [%clk
0:53:28]} 15. Nb5 {[%clk 0:25:05]} 15... Nxb5 {[%clk 0:52:15]} 16. axb5 { [%clk
0:25:27]} 16... Qc7 {[%clk 0:49:16]} 17. c3 {[%clk 0:24:01]} 17... Bf6 { [%clk
0:48:50]} 18. e5 {[%clk 0:15:02]} 18... Be7 {[%clk 0:45:24]} 19. Qa4 { [%clk
0:10:39]} 19... a5 {[%clk 0:40:59]} 20. bxa6 {[%clk 0:10:55]} 20... Ra8 { [%clk
0:36:31]} 21. Qb5 {[%clk 0:06:37]} 21... Bd7 {[%clk 0:36:18]} 22. Qd3 { [%clk
0:03:45]} 22... Ra7 {[%clk 0:36:15]} 23. Rd1 {[%clk 0:03:25]} 23... Rd8 { [%clk
0:34:33]} 24. Ng4 {[%clk 0:01:12]} 24... Bc8 {[%clk 0:30:40]} 25. Qe2 { [%clk
0:00:55]} 25... Nf5 {[%clk 0:28:09]} 26. Nf2 {[%clk 0:01:23]} 26... c4 { [%clk
0:24:28]} 27. dxe6 {[%clk 0:01:03]} 27... Bxe6 {[%clk 0:19:45]} 28. exd6 {[%clk
0:00:58]} 28... Rxd6 {[%clk 0:18:34]} 29. Ne4 {[%clk 0:01:04]} 29... Rxd1+
{[%clk 0:18:39]} 30. Qxd1 {[%clk 0:01:33]} 30... Bc8 {[%clk 0:16:42]} 31. Bg4
{[%clk 0:01:04]} 31... Rxa6 {[%clk 0:16:08]} 32. Rxa6 {[%clk 0:01:26]} 32...
Bxa6 {[%clk 0:16:35]} 33. Bxf5 {[%clk 0:01:18]} 33... gxf5 { [%clk 0:17:01]}
34. Ng3 {[%clk 0:00:38]} 34... Bc8 {[%clk 0:16:24]} 35. Be3 { [%clk 0:01:07]}
35... Qc6 {[%clk 0:14:26]} 36. Bd4 {[%clk 0:01:05]} 36... b5 { [%clk 0:09:43]}
37. Qe2 {[%clk 0:01:34]} 37... Qe6 {[%clk 0:05:00]} 38. Kg1 { [%clk 0:02:03]}
38... Bd6 {[%clk 0:04:12]} 39. Qf2 {[%clk 0:01:28]} 39... Be7 { [%clk 0:02:13]}
40. Nf1 {[%clk 0:01:11]} 40... Bb7 {[%clk 0:01:07]} 41. Nd2 { [%clk 0:17:08]}
41... Qg6 {[%clk 0:27:26]} 42. h3 {[%clk 0:15:25]} 42... Bd6 { [%clk 0:23:30]}
43. Be3 {[%clk 0:14:30]} 43... h6 {[%clk 0:20:13]} 44. Nf3 { [%clk 0:14:00]}
44... Be4 {[%clk 0:18:47]} 45. Nh4 {[%clk 0:05:43]} 45... Qe6 { [%clk 0:16:23]}
46. Bd4 {[%clk 0:05:55]} 46... Kh7 {[%clk 0:16:09]} 47. Qg3 { [%clk 0:05:49]}
47... Bf8 {[%clk 0:16:30]} 48. Nf3 {[%clk 0:05:40]} 48... f6 { [%clk 0:15:10]}
49. Qf2 {[%clk 0:03:47]} 49... Bd6 {[%clk 0:13:34]} 50. Be3 { [%clk 0:03:20]}
50... Qd5 {[%clk 0:12:22]} 51. Nd2 {[%clk 0:03:40]} 51... Bd3 { [%clk 0:12:24]}
52. Bd4 {[%clk 0:03:45]} 52... Qe6 {[%clk 0:11:55]} 53. Be3 { [%clk 0:03:51]}
53... b4 {[%clk 0:10:44]} 54. Qf3 {[%clk 0:02:01]} 54... Be4 { [%clk 0:08:26]}
55. Nxe4 {[%clk 0:01:27]} 55... fxe4 {[%clk 0:08:43]} 56. Qd1 { [%clk 0:01:04]}
56... f5 {[%clk 0:07:33]} 57. Qd4 {[%clk 0:01:32]} 57... b3 { [%clk 0:04:58]}
58. h4 {[%clk 0:01:36]} 58... Bf8 {[%clk 0:04:28]} 59. Qa7+ { [%clk 0:01:50]}
59... Qe7 {[%clk 0:04:45]} 60. Qa6 {[%clk 0:01:41]} 60... Qxh4 {[%clk 0:03:04]}
61. Qb7+ {[%clk 0:01:31]} 61... Qe7 {[%clk 0:03:16]} 62. Qc8 { [%clk 0:01:45]}
62... Qf7 {[%clk 0:03:17]} 63. Bd4 {[%clk 0:01:36]} 63... Bd6 { [%clk 0:02:37]}
64. g3 {[%clk 0:01:34]} 64... Bf8 {[%clk 0:02:42]} 65. Kf2 { [%clk 0:01:18]}
65... Kg6 {[%clk 0:02:15]} 66. Qc6+ {[%clk 0:01:28]} 66... Kh5 {[%clk 0:01:31]}
67. Qa6 {[%clk 0:01:47]} 67... Kg4 {[%clk 0:01:13]} 68. Qa1 { [%clk 0:02:11]}
68... Kh5 {[%clk 0:01:25]} 69. Qa6 {[%clk 0:02:20]} 69... Kg4 { [%clk 0:01:02]}
1/2-1/2

[Event "DEM U18w 2018"]
[Site "Willingen GER"]
[Date "2018.05.25"]
[Round "8"]
[White "Arnhold, Steffi"]
[Black "Köhler, Inken"]
[Result "0-1"]
[Termination "normal"]
[Board "3"]
[WhiteElo "1923"]
[BlackElo "1879"]
[WhiteClock "00:08:15"]
[BlackClock "00:12:06"]
[PlyCount "52"]
[WhiteFideId "12931365"]
[BlackFideId "12929301"]
[EventCountry "GER"]
[EventRounds "9"]
[EventType "swiss"]
[EventDate "2018.05.19"]

1. e4 {[%clk 1:30:57]} 1... d6 {[%clk 1:30:52]} 2. d4 {[%clk 1:31:13]} 2... Nf6
{[%clk 1:31:14]} 3. Nc3 {[%clk 1:31:07]} 3... Nbd7 {[%clk 1:31:29]} 4. f4 {
[%clk 1:30:33]} 4... e5 {[%clk 1:31:36]} 5. Nf3 {[%clk 1:28:17]} 5... exd4 {
[%clk 1:31:42]} 6. Nxd4 {[%clk 1:26:18]} 6... g6 {[%clk 1:19:49]} 7. Bd3 {
[%clk 1:24:13]} 7... Bg7 {[%clk 1:19:42]} 8. O-O {[%clk 1:18:14]} 8... O-O {
[%clk 1:18:38]} 9. Nf3 {[%clk 1:12:25]} 9... Nc5 {[%clk 1:12:32]} 10. Bd2 {
[%clk 1:02:47]} 10... b6 {[%clk 1:05:21]} 11. Qe2 {[%clk 0:58:40]} 11... Bb7 {
[%clk 1:03:17]} 12. b4 {[%clk 0:53:25]} 12... Nxd3 {[%clk 0:58:17]} 13. cxd3 {
[%clk 0:53:22]} 13... c5 {[%clk 0:55:49]} 14. a3 {[%clk 0:51:21]} 14... Re8 {
[%clk 0:52:31]} 15. bxc5 {[%clk 0:35:41]} 15... dxc5 {[%clk 0:52:00]} 16. Ne5 {
[%clk 0:34:26]} 16... Nh5 {[%clk 0:41:27]} 17. Nc4 {[%clk 0:28:09]} 17... Qd4+
{[%clk 0:38:58]} 18. Kh1 {[%clk 0:26:00]} 18... Rad8 {[%clk 0:37:26]} 19. Rf3 {
[%clk 0:20:27]} 19... b5 {[%clk 0:32:59]} 20. Na5 {[%clk 0:14:46]} 20... Bxe4 {
[%clk 0:28:25]} 21. dxe4 {[%clk 0:13:02]} 21... Qxd2 {[%clk 0:28:49]} 22. Qxd2
{[%clk 0:13:06]} 22... Rxd2 {[%clk 0:29:14]} 23. e5 {[%clk 0:09:56]} 23... Red8
{[%clk 0:13:08]} 24. g4 {[%clk 0:07:59]} 24... Nxf4 {[%clk 0:13:16]} 25. Rxf4 {
[%clk 0:08:14]} 25... Bxe5 {[%clk 0:13:41]} 26. Rf3 {[%clk 0:08:15]} 26... R8d3
{[%clk 0:12:06]} 0-1

[Event "DEM U18w 2018"]
[Site "Willingen GER"]
[Date "2018.05.25"]
[Round "8"]
[White "Halas, Julia"]
[Black "Riegel, Arinna"]
[Result "1-0"]
[Termination "normal"]
[Board "5"]
[WhiteElo "1979"]
[BlackElo "1906"]
[WhiteClock "00:08:25"]
[BlackClock "00:18:26"]
[PlyCount "61"]
[WhiteFideId "12931810"]
[BlackFideId "12931446"]
[EventCountry "GER"]
[EventRounds "9"]
[EventType "swiss"]
[EventDate "2018.05.19"]

1. d4 {[%clk 1:30:58]} 1... d5 {[%clk 1:30:56]} 2. c4 {[%clk 1:31:22]} 2... e6
{[%clk 1:31:23]} 3. Nc3 {[%clk 1:31:47]} 3... Nf6 {[%clk 1:31:50]} 4. cxd5 {
[%clk 1:32:10]} 4... exd5 {[%clk 1:32:16]} 5. Bg5 {[%clk 1:32:33]} 5... Be7 {
[%clk 1:32:40]} 6. e3 {[%clk 1:32:57]} 6... c6 {[%clk 1:32:51]} 7. Bd3 { [%clk
1:33:19]} 7... Nbd7 {[%clk 1:32:17]} 8. Qc2 {[%clk 1:33:32]} 8... h6 { [%clk
1:32:28]} 9. Bh4 {[%clk 1:33:52]} 9... Nf8 {[%clk 1:29:41]} 10. Nge2 { [%clk
1:33:49]} 10... Ne6 {[%clk 1:25:08]} 11. O-O {[%clk 1:31:34]} 11... O-O { [%clk
1:25:10]} 12. f3 {[%clk 1:25:51]} 12... Re8 {[%clk 1:15:34]} 13. Rad1 { [%clk
1:23:25]} 13... Nh5 {[%clk 1:12:01]} 14. Bf2 {[%clk 1:22:26]} 14... Nf6 { [%clk
1:12:08]} 15. Kh1 {[%clk 1:15:00]} 15... Qc7 {[%clk 1:10:13]} 16. e4 { [%clk
0:50:24]} 16... dxe4 {[%clk 0:58:55]} 17. fxe4 {[%clk 0:50:25]} 17... Qa5
{[%clk 0:58:46]} 18. Bg1 {[%clk 0:32:39]} 18... Ng5 {[%clk 0:47:20]} 19. e5 {
[%clk 0:26:26]} 19... Nd7 {[%clk 0:43:06]} 20. Ne4 {[%clk 0:21:42]} 20... Nf8 {
[%clk 0:36:22]} 21. N2c3 {[%clk 0:14:59]} 21... Nxe4 {[%clk 0:31:27]} 22. Nxe4
{[%clk 0:14:56]} 22... Be6 {[%clk 0:31:37]} 23. Nc3 {[%clk 0:12:50]} 23... Red8
{[%clk 0:27:05]} 24. Bf5 {[%clk 0:12:32]} 24... Rac8 {[%clk 0:25:06]} 25. Qf2 {
[%clk 0:11:17]} 25... Bxf5 {[%clk 0:25:10]} 26. Qxf5 {[%clk 0:11:43]} 26... f6
{[%clk 0:25:29]} 27. Ne4 {[%clk 0:11:34]} 27... Qxa2 {[%clk 0:19:33]} 28. exf6
{[%clk 0:11:13]} 28... Bxf6 {[%clk 0:19:24]} 29. Nxf6+ {[%clk 0:11:10]} 29...
gxf6 {[%clk 0:19:53]} 30. d5 {[%clk 0:08:13]} 30... Rxd5 {[%clk 0:18:26]} 31.
Qxc8 {[%clk 0:08:25]} 1-0

[Event "DEM U18w 2018"]
[Site "Willingen GER"]
[Date "2018.05.25"]
[Round "8"]
[White "Leser, Katrin"]
[Black "Poetsch, Leonore"]
[Result "0-1"]
[Termination "normal"]
[Board "6"]
[WhiteElo "1862"]
[BlackElo "1902"]
[WhiteClock "00:01:33"]
[BlackClock "00:02:39"]
[PlyCount "120"]
[WhiteFideId "12997692"]
[BlackFideId "12940372"]
[EventCountry "GER"]
[EventRounds "9"]
[EventType "swiss"]
[EventDate "2018.05.19"]

1. e4 {[%clk 1:30:58]} 1... e6 {[%clk 1:30:57]} 2. d4 {[%clk 1:31:20]} 2... d5
{[%clk 1:31:23]} 3. Nc3 {[%clk 1:31:46]} 3... Nf6 {[%clk 1:31:50]} 4. Bg5 {
[%clk 1:32:11]} 4... Bb4 {[%clk 1:32:17]} 5. e5 {[%clk 1:32:36]} 5... h6 {
[%clk 1:32:44]} 6. Be3 {[%clk 1:32:55]} 6... Ne4 {[%clk 1:32:57]} 7. Qg4 {
[%clk 1:33:18]} 7... g6 {[%clk 1:32:48]} 8. a3 {[%clk 1:33:43]} 8... Bxc3+ {
[%clk 1:33:11]} 9. bxc3 {[%clk 1:34:08]} 9... c5 {[%clk 1:32:39]} 10. Bd3 {
[%clk 1:34:14]} 10... h5 {[%clk 1:32:44]} 11. Qf3 {[%clk 1:34:28]} 11... Nxc3 {
[%clk 1:32:23]} 12. dxc5 {[%clk 1:34:44]} 12... d4 {[%clk 1:31:15]} 13. Bd2 {
[%clk 1:33:47]} 13... Nc6 {[%clk 1:30:21]} 14. Qf4 {[%clk 1:33:26]} 14... g5 {
[%clk 1:28:19]} 15. Qg3 {[%clk 1:19:56]} 15... g4 {[%clk 1:24:25]} 16. h3 {
[%clk 0:54:55]} 16... Rg8 {[%clk 1:15:46]} 17. hxg4 {[%clk 0:51:30]} 17... Rxg4
{[%clk 1:15:30]} 18. Qh2 {[%clk 0:51:32]} 18... Qd5 {[%clk 1:12:16]} 19. Nf3 {
[%clk 0:45:39]} 19... h4 {[%clk 1:04:15]} 20. Bf4 {[%clk 0:40:28]} 20... Bd7 {
[%clk 0:59:52]} 21. Bg5 {[%clk 0:27:39]} 21... Nxe5 {[%clk 0:57:21]} 22. Qxe5 {
[%clk 0:23:14]} 22... Qxe5+ {[%clk 0:57:35]} 23. Nxe5 {[%clk 0:23:39]} 23...
Rxg5 {[%clk 0:57:57]} 24. Nxd7 {[%clk 0:24:01]} 24... Kxd7 {[%clk 0:58:15]} 25.
Rxh4 {[%clk 0:24:16]} 25... e5 {[%clk 0:57:13]} 26. Rh7 {[%clk 0:20:21]} 26...
Rf8 {[%clk 0:52:57]} 27. g3 {[%clk 0:19:34]} 27... e4 {[%clk 0:52:21]} 28. Bc4
{[%clk 0:16:07]} 28... Ke7 {[%clk 0:49:44]} 29. Kd2 {[%clk 0:15:08]} 29... Rxc5
{[%clk 0:48:50]} 30. Bb3 {[%clk 0:15:27]} 30... Rf5 {[%clk 0:47:30]} 31. Rh2 {
[%clk 0:14:27]} 31... Kd6 {[%clk 0:43:50]} 32. Rah1 {[%clk 0:14:28]} 32... Rf3
{[%clk 0:39:28]} 33. Rh6+ {[%clk 0:12:31]} 33... Kc5 {[%clk 0:38:34]} 34. R1h2
{[%clk 0:10:03]} 34... Nb1+ {[%clk 0:34:20]} 35. Ke2 {[%clk 0:09:46]} 35...
Nxa3 {[%clk 0:33:03]} 36. R2h4 {[%clk 0:09:36]} 36... f5 {[%clk 0:31:37]} 37.
Rh7 {[%clk 0:08:40]} 37... Rb8 {[%clk 0:26:52]} 38. Rc7+ {[%clk 0:03:11]} 38...
Kb6 {[%clk 0:20:59]} 39. Rd7 {[%clk 0:02:58]} 39... Nb5 {[%clk 0:18:05]} 40.
Rhh7 {[%clk 0:01:01]} 40... Rc3 {[%clk 0:15:26]} 41. Rhf7 {[%clk 0:23:46]}
41... Rc5 {[%clk 0:43:44]} 42. Kd2 {[%clk 0:22:35]} 42... Re5 {[%clk 0:37:15]}
43. Bc4 {[%clk 0:15:44]} 43... e3+ {[%clk 0:33:44]} 44. Ke1 {[%clk 0:12:30]}
44... exf2+ {[%clk 0:25:50]} 45. Kxf2 {[%clk 0:12:52]} 45... a5 {[%clk 0:24:40]
} 46. Bb3 {[%clk 0:10:54]} 46... Kc5 {[%clk 0:21:03]} 47. Ba4 {[%clk 0:07:24]}
47... Nd6 {[%clk 0:18:35]} 48. Rh7 {[%clk 0:05:40]} 48... b5 {[%clk 0:16:52]}
49. Bb3 {[%clk 0:05:35]} 49... a4 {[%clk 0:12:29]} 50. Ba2 {[%clk 0:05:39]}
50... Rb6 {[%clk 0:11:25]} 51. Kf3 {[%clk 0:05:38]} 51... Re3+ {[%clk 0:08:52]}
52. Kf4 {[%clk 0:05:36]} 52... Re4+ {[%clk 0:07:20]} 53. Kf3 {[%clk 0:05:47]}
53... Nc4 {[%clk 0:06:33]} 54. Rc7+ {[%clk 0:04:08]} 54... Kb4 {[%clk 0:06:05]}
55. Rh5 {[%clk 0:03:57]} 55... Nd2+ {[%clk 0:05:23]} 56. Kf2 {[%clk 0:04:06]}
56... Ka3 {[%clk 0:04:58]} 57. Bg8 {[%clk 0:04:00]} 57... Rf6 {[%clk 0:03:44]}
58. Rc5 {[%clk 0:02:46]} 58... Re8 {[%clk 0:03:33]} 59. Bd5 {[%clk 0:02:21]}
59... b4 {[%clk 0:03:18]} 60. Rb5 {[%clk 0:01:33]} 60... Rc8 {[%clk 0:02:39]}
0-1